Statistiques concernant Les séismes les plus forts

Cliquez ici pour prendre le quiz!

Statistiques générales

  • Ce quiz a été pris 40 fois
  • Le résultat moyen est 7 sur 10

Statistiques - réponses

MagnitudeDateLieu% Correct
9,111 mars 2011Japon, Océan pacifique
100%
8,9 (estimation)2 décembre 1611Japon, Océan Pacifique
100%
9,227 mars 1964Prince William Sound en Alaska aux Etats-Unis
88%
9,326 décembre 2004île de Sumatra en Indonésie, Océan Indien
85%
8,8-9,2 (estimation)25 novembre 1833Sumatra en Indonésie
82%
9,522 mai 1960Valdivia au Chili
67%
8,827 février 2010Bio-Bio au Chili
64%
9,04 novembre 1952Kamtchatka en URSS
64%
8,831 janvier 1906Équateur et Colombie
36%
<8,8 (estimation)2 avril 1762Chittagong au Bangladesh
12%

Distribution des résultats

Percentile par nombre de réponses

% des personnes avec chaque résultat

Votre développement - résultats

Vous n’avez pas pris ce quiz